Ekonomické výsledky slovenského poľnohospodárstva a podmienky trhového mechanizmu.
Rozdielna štruktúra úhrady nákladov spoločensky nutných na výrobu poľnohospodárskej produkcie v ČR a SR daná rozdielnymi výrobnými podmienkami v obidvoch národných republikách. Vyšší podiel pracnejších výrob a horšia vybavenosť poľnohospodárskej výroby v SR. Základné tendencie vývoja ekonomických vý...
Guardado en:
| Autor principal: | |
|---|---|
| Formato: | Capítulo de libro |
| Lenguaje: | eslovaco |
| Materias: | |
| Etiquetas: |
Sin Etiquetas, Sea el primero en etiquetar este registro!
|
MARC
| LEADER | 00000naa a2200000 4500 | ||
|---|---|---|---|
| 001 | r002015 | ||
| 005 | 20220909073720.6 | ||
| 041 | 0 | |a slo | |
| 044 | |a [CS] | ||
| 245 | 1 | 0 | |a Ekonomické výsledky slovenského poľnohospodárstva a podmienky trhového mechanizmu. |c P. Vašek |
| 520 | |a Rozdielna štruktúra úhrady nákladov spoločensky nutných na výrobu poľnohospodárskej produkcie v ČR a SR daná rozdielnymi výrobnými podmienkami v obidvoch národných republikách. Vyšší podiel pracnejších výrob a horšia vybavenosť poľnohospodárskej výroby v SR. Základné tendencie vývoja ekonomických výsledkov organizácií PPOK SR. | ||
| 610 | 2 | 0 | |a poľnohospodárstvo |
| 610 | 2 | 0 | |a náklady spoločensky nevyhnutné |
| 610 | 2 | 0 | |a komplex poľnohospodársko-potravinársky |
| 610 | 2 | 0 | |a výroba poľnohospodárska |
| 610 | 2 | 0 | |a Slovensko |
| 610 | 2 | 0 | |a Čechy |
| 610 | 2 | 0 | |a mechanizmus trhový |
| 610 | 2 | 0 | |a výsledok hospodársky |
| 100 | 1 | |a Vašek, P. | |